000 01034naa a2200277 c 4500
001 36962
003 ES-MaCES
005 20150925135658.0
008 060721n2006 sp t 000 | spa d
035 _aCES20060012362v
040 _aES-MaCES
_bspa
_cES-MaCES
100 1 _aValle Muñoz, Francisco Andrés
_925465
245 1 3 _aEl cambio de afiliación sindical del representante unitario y su problemática jurídico-laboral
_cFrancisco Andrés Valle Muñoz
650 4 _aEspaña
_926964
650 4 _arégimen jurídico
_929894
650 4 _aelección
_927234
650 4 _afuncionario sindical
_929455
650 4 _asindicalización
_929454
650 4 _arepresentante de los trabajadores
_928374
653 1 0 _aRelaciones laborales-Empleo
650 4 _928369
_arelaciones laborales
773 0 _tActualidad laboral
_gn. 12 (2ª quinc. jun. 2006){10002 R. 064956}; p. 1426-1450
_w(ES-MaCES)25022
_929225
902 _aART Artículo de revista
942 _2CES
_cAR
_h2.0.
999 _c36962
_d36962